000 00326nam a2200133 a 4500
005 20140513081052.0
008 030203s19uu xx 00 eng d
050 _aP 591
_bMGA
245 _aAnimals hatched from eggs.
260 _bMabuhay Boardgames,
_c2002.
300 _aPoster
650 _aEggs--Posters
999 _c116364
_d116364